General Practice Medicine: an illustrated colour text (Record no. 4092)

MARC details
000 -LEADER
fixed length control field 00545nam a22001937a 4500
003 - CONTROL NUMBER IDENTIFIER
control field OSt
005 - DATE AND TIME OF LATEST TRANSACTION
control field 20160518142125.0
008 - FIXED-LENGTH DATA ELEMENTS--GENERAL INFORMATION
fixed length control field 160518b xxu||||| |||| 00| 0 eng d
020 ## - INTERNATIONAL STANDARD BOOK NUMBER
International Standard Book Number 0443060452
040 ## - CATALOGING SOURCE
Transcribing agency DNLM
082 ## - DEWEY DECIMAL CLASSIFICATION NUMBER
Classification number WB100 T212g 2003
100 ## - MAIN ENTRY--PERSONAL NAME
Personal name Taylor, Ross J.; McAvoy, Brian R.
9 (RLIN) 8862
245 ## - TITLE STATEMENT
Title General Practice Medicine: an illustrated colour text
260 ## - PUBLICATION, DISTRIBUTION, ETC. (IMPRINT)
Place of publication, distribution, etc. Edinburgh; Churchill, 2003
300 ## - PHYSICAL DESCRIPTION
Extent vii,112p; col.ill: 28cm
504 ## - BIBLIOGRAPHY, ETC. NOTE
Bibliography, etc Bibliography, & index included
650 ## - SUBJECT ADDED ENTRY--TOPICAL TERM
Topical term or geographic name as entry element Medicine
9 (RLIN) 324
942 ## - ADDED ENTRY ELEMENTS (KOHA)
Source of classification or shelving scheme Other/Generic Classification Scheme
Koha item type Open Shelf
Holdings
Withdrawn status Lost status Source of classification or shelving scheme Damaged status Not for loan Home library Current library Date acquired Source of acquisition Inventory number Total Checkouts Full call number Barcode Date last seen Koha item type Price effective from
    Other/Generic Classification Scheme     MUST Main Library MUST Main Library 18/05/2016   10/32613   WB100 T212g 2003 2016-2005 18/05/2016 Open Shelf  
    Other/Generic Classification Scheme     MUST Main Library MUST Main Library 29/07/2016   2010/32486   WB100 T212g 2003 2016-3478 29/07/2016 Open Shelf 29/07/2016
    Other/Generic Classification Scheme     MUST Main Library MUST Main Library 29/07/2016   2011/35281   WB100 T212g 2003 2016-3479 29/07/2016 Open Shelf 29/07/2016